[Event "26. Torneo Collado Villalba"]
[Site "Collado Villalba ESP"]
[Date "2009.08.27"]
[Round "7.8"]
[White "Rubio Mejia, Luis Ignacio"]
[Black "Arauz Alonso, Fernando"]
[Result "1/2-1/2"]
[WhiteElo "2371"]
[BlackElo "2155"]
[PlyCount "91"]
[EventDate "2009.08.21"]
[EventType "swiss"]
[EventRounds "9"]
[EventCountry "ESP"]
[Source "lmi"]
[SourceDate "2009.08.21"]

1. d4 d5 2. c4 c6 3. Nf3 Nf6 4. Nc3 e6 5. Bg5 dxc4 6. e4 b5 7. e5 h6 8. Bh4 g5
9. Nxg5 hxg5 10. Bxg5 Nbd7 11. exf6 Bb7 12. g3 c5 13. d5 Qb6 14. Bg2 O-O-O 15.
O-O b4 16. Rb1 Qa6 17. dxe6 Bxg2 18. e7 Bxf1 19. Qd5 Bxe7 20. fxe7 Rdg8 21. Ne4
Rg6 22. Qa8+ Nb8 23. Rxf1 Qc6 24. Rd1 Qxa8 25. Rd8+ Kc7 26. Bf4+ Kb6 27. Rxh8
Re6 28. e8=Q Rxe8 29. Rxe8 Qd5 30. Rxb8+ Ka6 31. Nd2 c3 32. bxc3 bxc3 33. Nb3
c4 34. Nc1 Qd1+ 35. Kg2 Qd5+ 36. f3 Qd2+ 37. Kh3 Qd7+ 38. Kh4 Qe7+ 39. Kh5 Qe6
40. Kh4 Qe7+ 41. Kh3 Qd7+ 42. g4 Qd4 43. Ne2 Qf2 44. Re8 Qxf3+ 45. Kh4 c2 46.
Bc1 1/2-1/2

[Event "26. Torneo Collado Villalba"]
[Site "Collado Villalba ESP"]
[Date "2009.08.27"]
[Round "7.9"]
[White "Hernandez Gallardo, Francisco Javier"]
[Black "Vazquez Torres, Adrian"]
[Result "1-0"]
[WhiteElo "2352"]
[BlackElo "2149"]
[PlyCount "99"]
[EventDate "2009.08.21"]
[EventType "swiss"]
[EventRounds "9"]
[EventCountry "ESP"]
[Source "lmi"]
[SourceDate "2009.08.21"]

1. d4 Nf6 2. Nf3 d6 3. c4 Bf5 4. Qb3 Qc8 5. Bf4 Nbd7 6. Nbd2 c6 7. Nh4 Bg6 8.
Nxg6 hxg6 9. Nf3 Qc7 10. g3 e5 11. Be3 Be7 12. Bg2 Ng4 13. Bd2 exd4 14. h3 Nge5
15. Qc2 Nc5 16. Nxd4 Bf6 17. O-O O-O 18. b4 Na6 19. Qb3 Qe7 20. Nc2 Rac8 21. e4
b5 22. cxb5 cxb5 23. Rad1 Nc4 24. Bc3 Bxc3 25. Qxc3 Ne5 26. Qa3 Qb7 27. Ne3 Nc7
28. Rxd6 Rfd8 29. Rxd8+ Rxd8 30. Qc3 f6 31. f4 Rd3 32. Qe1 Nc4 33. Nxc4 bxc4
34. e5 Qb6+ 35. Kh2 Qe3 36. Qxe3 Rxe3 37. Rc1 c3 38. exf6 gxf6 39. Bf1 Kf8 40.
Kg2 Nd5 41. Kf2 Re7 42. a3 g5 43. Bc4 Ne3 44. Bb3 gxf4 45. gxf4 Nf5 46. Rxc3
Nd4 47. Bd1 Re4 48. Kg3 Nb5 49. Rd3 Ke7 50. Bg4 1-0

[Event "26. Torneo Collado Villalba"]
[Site "Collado Villalba ESP"]
[Date "2009.08.27"]
[Round "7.10"]
[White "Castano, Henry Augusto"]
[Black "Collado Barbas, Laura"]
[Result "1-0"]
[WhiteElo "2237"]
[BlackElo "2055"]
[PlyCount "69"]
[EventDate "2009.08.21"]
[EventType "swiss"]
[EventRounds "9"]
[EventCountry "ESP"]
[Source "lmi"]
[SourceDate "2009.08.21"]

1. e4 e6 2. d3 d5 3. Qe2 Nf6 4. Nf3 b6 5. e5 Nfd7 6. g3 Be7 7. Bg2 Bb7 8. O-O
c5 9. c4 d4 10. Re1 Qc7 11. Na3 a6 12. Nc2 Nc6 13. h4 h6 14. h5 O-O-O 15. Rb1
Rdg8 16. b4 g6 17. hxg6 Rxg6 18. bxc5 bxc5 19. Ba3 h5 20. Rxb7 Qxb7 21. Nfxd4
Ndb8 22. Nxc6 Nxc6 23. d4 h4 24. d5 exd5 25. cxd5 hxg3 26. f4 Rh2 27. dxc6 Qb6
28. Ne3 Bf8 29. Nc4 Qb8 30. Nd6+ Bxd6 31. exd6 Qxd6 32. Qxa6+ Kc7 33. Qa5+ Kc8
34. Re8+ Qd8 35. Rxd8# 1-0

[Event "26. Torneo Collado Villalba"]
[Site "Collado Villalba ESP"]
[Date "2009.08.27"]
[Round "7.11"]
[White "Alcaraz Amoros, Antonio"]
[Black "Perez de Aranda, Leonardo Ivan"]
[Result "0-1"]
[WhiteElo "2135"]
[BlackElo "2224"]
[PlyCount "100"]
[EventDate "2009.08.21"]
[EventType "swiss"]
[EventRounds "9"]
[EventCountry "ESP"]
[Source "lmi"]
[SourceDate "2009.08.21"]

1. c4 f5 2. d4 Nf6 3. Nc3 g6 4. g3 Bg7 5. Bg2 O-O 6. Nf3 d6 7. d5 c6 8. Nd4 e5
9. dxe6 Qe7 10. O-O Na6 11. Bf4 Bxe6 12. Nxc6 bxc6 13. Bxd6 Qb7 14. Bxf8 Rxf8
15. b3 Qc7 16. Qd2 Rd8 17. Qe3 Re8 18. Qd2 Nc5 19. Rad1 Nce4 20. Nxe4 fxe4 21.
Qd6 Qc8 22. Rd2 c5 23. e3 Bh3 24. Rfd1 Bg4 25. Rc1 Bf3 26. b4 cxb4 27. c5 Ng4
28. Qd7 Bc3 29. Rd6 Ne5 30. Qxa7 Qf5 31. Qa4 Rf8 32. Qb3+ Kg7 33. Qe6 Qh5 34.
Qe7+ Rf7 35. Qh4 Qxh4 36. gxh4 Nd3 37. Rc2 Nxc5 38. Rc6 Nd3 39. Bxf3 exf3 40.
a3 Ra7 41. R2xc3 bxc3 42. Rxc3 Ne5 43. h3 h5 44. Kh2 Ra4 45. Kg3 Kf6 46. Rb3
Kf5 47. Rc3 Ke4 48. Rb3 Nc4 49. Rb4 Rxb4 50. axb4 Nxe3 0-1

[Event "26. Torneo Collado Villalba"]
[Site "Collado Villalba ESP"]
[Date "2009.08.27"]
[Round "7.12"]
[White "San Juan Rodriguez, Miguel"]
[Black "Solaesa Navalpotro, Luis Julio"]
[Result "0-1"]
[WhiteElo "2054"]
[BlackElo "2223"]
[PlyCount "80"]
[EventDate "2009.08.21"]
[EventType "swiss"]
[EventRounds "9"]
[EventCountry "ESP"]
[Source "lmi"]
[SourceDate "2009.08.21"]

1. e4 e5 2. Nf3 Nc6 3. d4 exd4 4. c3 d3 5. Bxd3 d6 6. h3 Nf6 7. O-O Be7 8. Nbd2
O-O 9. Nd4 Re8 10. f4 Bf8 11. Qf3 Bd7 12. b3 g6 13. Bb2 Bg7 14. Rae1 a5 15. a4
Qb8 16. Kh2 Nxd4 17. cxd4 c5 18. e5 Bc6 19. Qf2 Nd5 20. Ne4 Nb4 21. Bb1 Bxe4
22. Rxe4 cxd4 23. Rxd4 dxe5 24. Rd7 exf4 25. Bxg7 Kxg7 26. Qd4+ Kg8 27. Rxf4
Rf8 28. g3 Ra6 29. Qc4 Qe8 30. Rxb7 Rc6 31. Qf1 Re6 32. Rbxb4 Re2+ 33. Rf2
Rxf2+ 34. Qxf2 axb4 35. Bd3 Qe5 36. Bc4 Kg7 37. Qa7 Qf6 38. Qe3 Rd8 39. a5 Qb2+
40. Kg1 Qa1+ 0-1

[Event "26. Torneo Collado Villalba"]
[Site "Collado Villalba ESP"]
[Date "2009.08.27"]
[Round "7.13"]
[White "Garcia Salamero, Gabriel"]
[Black "Martinez Rodriguez, Pablo"]
[Result "0-1"]
[WhiteElo "2034"]
[BlackElo "2213"]
[PlyCount "116"]
[EventDate "2009.08.21"]
[EventType "swiss"]
[EventRounds "9"]
[EventCountry "ESP"]
[Source "lmi"]
[SourceDate "2009.08.21"]

1. e4 c6 2. d4 d5 3. Nc3 dxe4 4. Nxe4 Bf5 5. Ng3 Bg6 6. h4 h6 7. Nf3 Nd7 8. h5
Bh7 9. Bd3 Bxd3 10. Qxd3 e6 11. Bd2 Ngf6 12. O-O-O Qc7 13. Qe2 O-O-O 14. Ne5
Nb6 15. Ba5 c5 16. Qb5 Rd5 17. Bxb6 axb6 18. Nc4 Nd7 19. dxc5 Bxc5 20. Rxd5
exd5 21. Nd2 Qf4 22. Qd3 Qxf2 23. Rf1 Re8 24. b4 Re1+ 25. Kb2 Rxf1 26. Ndxf1
Bxb4 27. Qxd5 Qf6+ 28. Kb1 Qc3 29. Qb3 Qe1+ 30. Kb2 Nc5 31. Qe3 b5 32. Qxe1
Bxe1 33. Nf5 b4 34. Nd6+ Kd7 35. Nxf7 Ke7 36. Nh8 Kf6 37. Kc1 Kg5 38. Kd1 Bc3
39. Ke2 Kxh5 40. Kf3 Kg5 41. Nf7+ Kf6 42. Nd6 Ke5 43. Nb5 Ne6 44. Nxc3 bxc3 45.
Ke3 Kd5 46. g3 Nc5 47. Kf4 Kd4 48. Ne3 Nd3+ 49. Kf3 Nb4 50. Ke2 g6 51. a3 Nd5
52. Ng2 Ke4 53. Kf2 b5 54. Ke2 Ne7 55. Ne3 Nf5 56. Nd1 Kd4 57. Kf3 Nd6 58. Ne3
Nc4 0-1

[Event "26. Torneo Collado Villalba"]
[Site "Collado Villalba ESP"]
[Date "2009.08.27"]
[Round "7.14"]
[White "Hernandez Yanez, Javier"]
[Black "Cao Armillas, Jesus"]
[Result "1/2-1/2"]
[WhiteElo "1922"]
[BlackElo "2199"]
[PlyCount "97"]
[EventDate "2009.08.21"]
[EventType "swiss"]
[EventRounds "9"]
[EventCountry "ESP"]
[Source "lmi"]
[SourceDate "2009.08.21"]

1. d4 Nf6 2. Bf4 g6 3. e3 Bg7 4. Be2 O-O 5. h3 d6 6. Nf3 b6 7. O-O Bb7 8. c4 c5
9. Nc3 Nbd7 10. Rc1 Rc8 11. a3 Qe8 12. b4 e5 13. Bh2 Qe7 14. Qb3 Nh5 15. Rfe1
cxd4 16. exd4 e4 17. Nb5 Qf6 18. Nd2 Nf4 19. Bf1 Bh6 20. Rcd1 Rfe8 21. Qg3 a6
22. Nc3 Qf5 23. Qg4 Qxg4 24. hxg4 f5 25. gxf5 gxf5 26. g4 Nd3 27. Bxd3 exd3 28.
Rxe8+ Rxe8 29. Bxd6 fxg4 30. d5 Ne5 31. Bxe5 Rxe5 32. Nde4 Bc8 33. Rxd3 Bf5 34.
d6 Bxe4 35. d7 Bg5 36. d8=Q+ Bxd8 37. Rxd8+ Kf7 38. Nxe4 Rxe4 39. Rd6 Re6 40.
Rd4 h5 41. Kg2 Rf6 42. c5 bxc5 43. bxc5 Rc6 44. Rd5 h4 45. Rg5 h3+ 46. Kg1 Rf6
47. Rxg4 h2+ 48. Kxh2 Rxf2+ 49. Kg3 1/2-1/2

[Event "26. Torneo Collado Villalba"]
[Site "Collado Villalba ESP"]
[Date "2009.08.27"]
[Round "7.16"]
[White "Enjuto Velasco, Roberto"]
[Black "Barahona Torrijos, Angel"]
[Result "1/2-1/2"]
[WhiteElo "2202"]
[BlackElo "1944"]
[PlyCount "102"]
[EventDate "2009.08.21"]
[EventType "swiss"]
[EventRounds "9"]
[EventCountry "ESP"]
[Source "lmi"]
[SourceDate "2009.08.21"]

1. e4 e5 2. f4 Nf6 3. Nf3 d5 4. fxe5 Nxe4 5. d3 Nc5 6. d4 Ne4 7. Nbd2 c5 8.
Bb5+ Bd7 9. Bxd7+ Nxd7 10. O-O Be7 11. Nxe4 dxe4 12. Ng5 Bxg5 13. Qh5 g6 14.
Qxg5 Qxg5 15. Bxg5 cxd4 16. Rad1 h6 17. Bh4 g5 18. Bg3 Rc8 19. Rxd4 Nc5 20.
Rfd1 O-O 21. R1d2 Ne6 22. Rxe4 Rfd8 23. Rxd8+ Rxd8 24. Rc4 Rd1+ 25. Kf2 h5 26.
h4 Rd2+ 27. Kf1 Kg7 28. hxg5 Kg6 29. Rc8 Kf5 30. Bf2 b6 31. Be1 Rd5 32. Bc3 h4
33. Rc6 Rd1+ 34. Ke2 Rc1 35. Kf3 Nxg5+ 36. Ke3 Ne6 37. Rd6 Rxc2 38. Rd7 Ng5 39.
Be1 Kg4 40. Rd4+ Kf5 41. Bxh4 Ne6 42. Rd7 Kg6 43. Rxa7 Rxg2 44. b3 Rg4 45. Bf6
Rg3+ 46. Kf2 Rc3 47. Ra6 Rc6 48. a4 Nc5 49. Ra8 Nxb3 50. Bd8 Nc5 51. a5 bxa5
1/2-1/2

[Event "26. Torneo Collado Villalba"]
[Site "Collado Villalba ESP"]
[Date "2009.08.27"]
[Round "7.17"]
[White "Erice Alonso, Santiago"]
[Black "Unciti Juan, Javier"]
[Result "0-1"]
[WhiteElo "2068"]
[BlackElo "2107"]
[PlyCount "84"]
[EventDate "2009.08.21"]
[EventType "swiss"]
[EventRounds "9"]
[EventCountry "ESP"]
[Source "lmi"]
[SourceDate "2009.08.21"]

1. c4 e6 2. Nc3 d5 3. cxd5 exd5 4. d4 c5 5. Nf3 Nc6 6. e3 Nf6 7. Be2 Be6 8.
dxc5 Bxc5 9. O-O O-O 10. b3 Ne4 11. Bb2 a6 12. Rc1 Bd6 13. g3 Nb4 14. a3 Nxc3
15. Rxc3 Nc6 16. Rc1 Qe7 17. b4 Bh3 18. Re1 Rad8 19. Qc2 Qe4 20. Qxe4 dxe4 21.
Ng5 Bf5 22. g4 Bg6 23. Red1 h6 24. Nh3 f5 25. Kg2 Bf7 26. Ng1 Bb3 27. Bc4+ Bxc4
28. Rxc4 Be5 29. Rxd8 Rxd8 30. Bxe5 Nxe5 31. Rc5 Nxg4 32. Rxf5 Rd3 33. a4 Ra3
34. Ra5 Ra2 35. Kg3 Nxf2 36. b5 axb5 37. Rxb5 Nd3 38. Rxb7 Rxa4 39. Ne2 Ra1 40.
Nc3 Rg1+ 41. Kh4 Ne5 42. Re7 Ng6+ 0-1

[Event "26. Torneo Collado Villalba"]
[Site "Collado Villalba ESP"]
[Date "2009.08.27"]
[Round "7.18"]
[White "Lorite Cruz, Francisco"]
[Black "Davicce Canada, Juan Antonio"]
[Result "1/2-1/2"]
[WhiteElo "2084"]
[BlackElo "2064"]
[PlyCount "60"]
[EventDate "2009.08.21"]
[EventType "swiss"]
[EventRounds "9"]
[EventCountry "ESP"]
[Source "lmi"]
[SourceDate "2009.08.21"]

1. e4 c6 2. d4 d5 3. exd5 cxd5 4. c4 Nf6 5. Nc3 Nc6 6. Nf3 Bg4 7. cxd5 Nxd5 8.
Qb3 Bxf3 9. gxf3 e6 10. Qxb7 Nxd4 11. Bb5+ Nxb5 12. Qc6+ Ke7 13. Qxb5 Qd7 14.
Bg5+ f6 15. Nxd5+ Qxd5 16. Qxd5 exd5 17. Be3 Ke6 18. O-O Bb4 19. a3 Ba5 20.
Rac1 Rhd8 21. Rc6+ Rd6 22. Rfc1 g5 23. Kf1 Kd7 24. Rxd6+ Kxd6 25. Ke2 Bb6 26.
Kd3 Re8 27. Bxb6 axb6 28. h4 h5 29. Rh1 Rh8 30. Kd4 Rh7 1/2-1/2

[Event "26. Torneo Collado Villalba"]
[Site "Collado Villalba ESP"]
[Date "2009.08.27"]
[Round "7.19"]
[White "Esquivias Gomez, Francisco J"]
[Black "Gomez Peco, Pablo"]
[Result "1/2-1/2"]
[WhiteElo "2009"]
[BlackElo "2222"]
[PlyCount "74"]
[EventDate "2009.08.21"]
[EventType "swiss"]
[EventRounds "9"]
[EventCountry "ESP"]
[Source "lmi"]
[SourceDate "2009.08.21"]

1. e4 c6 2. d4 d5 3. exd5 cxd5 4. Bd3 Nc6 5. c3 g6 6. Bg5 Bg7 7. Nf3 Nf6 8. O-O
O-O 9. Nbd2 Bf5 10. Qe2 Bxd3 11. Qxd3 e6 12. Rad1 a6 13. Rfe1 b5 14. a3 Na5 15.
Nf1 Nc4 16. Bc1 Ne4 17. N3d2 Nexd2 18. Nxd2 Bh6 19. Qc2 Bxd2 20. Bxd2 Nxd2 21.
Qxd2 a5 22. Rc1 Qd6 23. g3 Rfc8 24. h4 h5 25. Qg5 Qd8 26. Qd2 Kg7 27. f4 Rc4
28. Qd3 b4 29. b3 Rxc3 30. Rxc3 bxc3 31. Rc1 Qd6 32. a4 Rb8 33. Rxc3 Rb4 34.
Rc5 e5 35. fxe5 Qb6 36. Rb5 Rxd4 37. Rxb6 Rxd3 1/2-1/2

[Event "26. Torneo Collado Villalba"]
[Site "Collado Villalba ESP"]
[Date "2009.08.27"]
[Round "7.20"]
[White "Ramirez Garcia, Jorge Alberto"]
[Black "Arias Castanedo, Jacinto"]
[Result "1-0"]
[WhiteElo "2203"]
[BlackElo "2023"]
[PlyCount "149"]
[EventDate "2009.08.21"]
[EventType "swiss"]
[EventRounds "9"]
[EventCountry "ESP"]
[Source "lmi"]
[SourceDate "2009.08.21"]

1. e4 c6 2. d4 d5 3. Nd2 dxe4 4. Nxe4 Nd7 5. Ng5 e6 6. Bd3 Be7 7. h4 Ngf6 8.
N1f3 h6 9. Nh3 Qc7 10. Bf4 Bd6 11. Qd2 b6 12. O-O-O Bb7 13. Bxd6 Qxd6 14. Rhe1
O-O-O 15. Ne5 Rhf8 16. g4 c5 17. dxc5 Qxc5 18. Nxd7 Rxd7 19. g5 hxg5 20. hxg5
Nd5 21. a3 Ne7 22. Qf4 Rd4 23. Qg3 g6 24. Kb1 Rfd8 25. Rc1 Qc7 26. Qe3 Kb8 27.
f3 Qg3 28. Nf2 Qxf3 29. Qe5+ Ka8 30. Rf1 Qf4 31. Qg7 Nf5 32. Qxf7 Ne3 33. Nh3
Qg3 34. Rf4 R4d6 35. Qh7 Nf5 36. Rc4 R6d7 37. Qxg6 Ne3 38. Qxe6 Nxc4 39. Bxc4
Rd6 40. Qf5 Bc8 41. Qe4+ Bb7 42. Qh7 Bg2 43. Ng1 Qe3 44. Ne2 Be4 45. Qh4 Bf3
46. Qh3 Qf2 47. Nc3 Bg2 48. Qh2 Qf3 49. Be2 Qc6 50. Bb5 Qb7 51. Qg3 a6 52. Bxa6
Qxa6 53. Qxg2+ Qb7 54. Qg3 Rg6 55. Rg1 Rdg8 56. Qe5 Qc6 57. Rg4 Re8 58. Qd4
Re1+ 59. Ka2 Qe6+ 60. b3 Qc6 61. Kb2 Re8 62. Qd3 Rd6 63. Qa6+ Kb8 64. Rc4 Qb7
65. Qb5 Red8 66. Qe5 Ka8 67. Ra4+ Kb8 68. Nb5 Qd5 69. Ra8+ Kb7 70. Nxd6+ Rxd6
71. Qe8 Qd4+ 72. Ka2 Qc5 73. Rb8+ Ka6 74. Qa4+ Qa5 75. Qc4+ 1-0

[Event "26. Torneo Collado Villalba"]
[Site "Collado Villalba ESP"]
[Date "2009.08.27"]
[Round "7.21"]
[White "Rodriguez Gomez, Vicente"]
[Black "Castejon Caballero, Andres"]
[Result "1-0"]
[WhiteElo "1990"]
[BlackElo "2184"]
[PlyCount "63"]
[EventDate "2009.08.21"]
[EventType "swiss"]
[EventRounds "9"]
[EventCountry "ESP"]
[Source "lmi"]
[SourceDate "2009.08.21"]

1. e4 e5 2. Nf3 Qe7 3. Bc4 h6 4. O-O Nf6 5. Re1 d6 6. c3 g5 7. d3 c6 8. a4 Bg4
9. Nbd2 Bg7 10. Nf1 Bh5 11. Ng3 Bg6 12. a5 O-O 13. h3 Kh8 14. Nh2 Qd7 15. Ng4
Nxg4 16. hxg4 d5 17. Bb3 Na6 18. Qf3 Rad8 19. Nf5 Bxf5 20. gxf5 Bf6 21. g3 Kg7
22. Kg2 dxe4 23. dxe4 Qd3 24. Be3 Qb5 25. Ba2 Rd7 26. b4 c5 27. Rh1 Rh8 28.
bxc5 Nxc5 29. Bd5 Rxd5 30. exd5 e4 31. Qg4 Nb3 32. Rad1 1-0

[Event "26. Torneo Collado Villalba"]
[Site "Collado Villalba ESP"]
[Date "2009.08.27"]
[Round "7.23"]
[White "Martinez De Miguel, Pedro"]
[Black "Collado Barbas, Alberto"]
[Result "0-1"]
[WhiteElo "2163"]
[BlackElo "1986"]
[PlyCount "102"]
[EventDate "2009.08.21"]
[EventType "swiss"]
[EventRounds "9"]
[EventCountry "ESP"]
[Source "lmi"]
[SourceDate "2009.08.21"]

1. e4 c6 2. d4 d5 3. Nc3 dxe4 4. Nxe4 Nf6 5. Nxf6+ gxf6 6. Nf3 Bf5 7. Bd3 Rg8
8. g3 e6 9. c3 Bg6 10. O-O Nd7 11. Re1 Be7 12. Nh4 Bxd3 13. Qxd3 f5 14. Nxf5
exf5 15. Qxf5 Nf8 16. Bg5 Ne6 17. Bxe7 Qxe7 18. c4 O-O-O 19. d5 Rg5 20. Qxh7
cxd5 21. h4 Rg6 22. cxd5 Rxd5 23. Rac1+ Kb8 24. Re3 Qd7 25. Rec3 a6 26. Qh8+
Ka7 27. Rc8 Nf4 28. Qe8 Qxe8 29. Rxe8 Rd2 30. Rc7 Rxb2 31. Rxf7 Ne2+ 32. Kf1
Nxg3+ 33. fxg3 Rxg3 34. Re2 Rxe2 35. Kxe2 Rh3 36. Rf4 Ra3 37. h5 Rxa2+ 38. Kf3
Rh2 39. Rf5 b5 40. Kg3 Rh1 41. Kg4 b4 42. Kg5 b3 43. Rf7+ Kb6 44. Rf8 Ka5 45.
Rb8 Ka4 46. h6 a5 47. Kg6 Ka3 48. h7 Rxh7 49. Kxh7 a4 50. Kg6 Kb2 51. Rf8 Ka2
0-1

[Event "26. Torneo Collado Villalba"]
[Site "Collado Villalba ESP"]
[Date "2009.08.27"]
[Round "7.24"]
[White "Prada Lopez, Miguel Angel"]
[Black "Gal, Eugen"]
[Result "1/2-1/2"]
[WhiteElo "2151"]
[BlackElo "1981"]
[PlyCount "80"]
[EventDate "2009.08.21"]
[EventType "swiss"]
[EventRounds "9"]
[EventCountry "ESP"]
[Source "lmi"]
[SourceDate "2009.08.21"]

1. Nf3 Nf6 2. g3 d5 3. Bg2 c5 4. O-O Nc6 5. d3 e5 6. Nbd2 Be7 7. e4 Be6 8. Ng5
Bg4 9. f3 Bd7 10. f4 Bg4 11. Ngf3 exf4 12. gxf4 dxe4 13. dxe4 Qd7 14. c3 O-O-O
15. Qe2 Nh5 16. Nc4 f6 17. Be3 g6 18. e5 Qe6 19. Rae1 Rhe8 20. b3 fxe5 21. fxe5
b5 22. Ncd2 c4 23. Qf2 Rf8 24. Kh1 Nf4 25. Bxf4 Rxf4 26. Qg3 g5 27. bxc4 bxc4
28. h3 Bxf3 29. Nxf3 Rd3 30. Nxg5 Rxf1+ 31. Rxf1 Rxg3 32. Nxe6 Nxe5 33. Nf4 Bc5
34. Nd5 Ng6 35. Rf7 Bd6 36. Rxh7 Nf4 37. Nxf4 Bxf4 38. Rh4 Be5 39. Rxc4+ Kd8
40. Kg1 Rxc3 1/2-1/2

[Event "26. Torneo Collado Villalba"]
[Site "Collado Villalba ESP"]
[Date "2009.08.27"]
[Round "7.25"]
[White "Rodriguez Aguilera, Aurelio"]
[Black "Nieto De La Cruz, Julio"]
[Result "1/2-1/2"]
[WhiteElo "1967"]
[BlackElo "2132"]
[PlyCount "45"]
[EventDate "2009.08.21"]
[EventType "swiss"]
[EventRounds "9"]
[EventCountry "ESP"]
[Source "lmi"]
[SourceDate "2009.08.21"]

1. d4 Nf6 2. c4 c5 3. d5 b5 4. cxb5 a6 5. bxa6 g6 6. Nc3 Bxa6 7. Nf3 d6 8. e4
Bxf1 9. Kxf1 Nbd7 10. h3 Bg7 11. g3 O-O 12. Kg2 Qa5 13. Re1 Ne8 14. Bd2 Nc7 15.
a4 Qa6 16. Rb1 Rfb8 17. b3 Rb6 18. Qe2 Rab8 19. Na2 Qb7 20. Ba5 Ra6 21. Bxc7
Qxc7 22. Nc3 Nb6 23. Nb5 1/2-1/2

[Event "26. Torneo Collado Villalba"]
[Site "Collado Villalba ESP"]
[Date "2009.08.27"]
[Round "7.26"]
[White "Perez Cameselle, Francisco"]
[Black "Rodrigo Yanguas, Maria"]
[Result "0-1"]
[WhiteElo "1958"]
[BlackElo "2112"]
[PlyCount "96"]
[EventDate "2009.08.21"]
[EventType "swiss"]
[EventRounds "9"]
[EventCountry "ESP"]
[Source "lmi"]
[SourceDate "2009.08.21"]

1. d4 f5 2. c4 g6 3. g3 Bg7 4. Nf3 Nf6 5. Nc3 O-O 6. Bg2 d6 7. O-O Qe8 8. b3 c6
9. Qc2 Na6 10. Bb2 h6 11. e4 Nb4 12. Qe2 fxe4 13. Nxe4 Nxe4 14. Qxe4 Bf5 15.
Qe2 Bd3 16. Qe6+ Qf7 17. Rfe1 Nc2 18. Qxe7 Qxe7 19. Rxe7 Nxa1 20. Bxa1 Rae8 21.
Re3 Be4 22. Ne1 Bxg2 23. Kxg2 c5 24. Nc2 cxd4 25. Bxd4 Bxd4 26. Nxd4 Rxe3 27.
fxe3 Rf6 28. Nb5 a6 29. Nc3 Kf8 30. Ne4 Re6 31. Kf3 Ke7 32. Nc3 Kd7 33. e4 Rf6+
34. Ke2 Kc6 35. Nd5 Rf7 36. h4 g5 37. hxg5 hxg5 38. b4 b5 39. cxb5+ Kxb5 40.
Ke3 g4 41. Ke2 Rf3 42. Nc7+ Kxb4 43. Nxa6+ Kc4 44. a4 Rxg3 45. Nc7 Kd4 46. a5
Rg2+ 47. Kf1 Ra2 48. a6 Kxe4 0-1

[Event "26. Torneo Collado Villalba"]
[Site "Collado Villalba ESP"]
[Date "2009.08.27"]
[Round "7.27"]
[White "Velasco Garcia, Jorge Juan"]
[Black "Nunez Reiz, Antonio"]
[Result "1-0"]
[WhiteElo "1913"]
[BlackElo "2110"]
[PlyCount "67"]
[EventDate "2009.08.21"]
[EventType "swiss"]
[EventRounds "9"]
[EventCountry "ESP"]
[Source "lmi"]
[SourceDate "2009.08.21"]

1. d4 d5 2. Nf3 Nc6 3. e3 Bg4 4. Be2 Nf6 5. b3 e6 6. O-O Be7 7. Bb2 O-O 8. h3
Bh5 9. Ne5 Bxe2 10. Qxe2 Ne4 11. Nd2 f5 12. Nxe4 fxe4 13. Nxc6 bxc6 14. Qa6 Qd7
15. Ba3 Bd6 16. c4 Bxa3 17. Qxa3 a5 18. Qa4 Rf5 19. Rac1 Ra6 20. cxd5 Rxd5 21.
Rc4 Rb5 22. Rfc1 Qd6 23. Rc5 Rab6 24. R1c4 e5 25. Rxc6 Rxc6 26. Qxb5 Rxc4 27.
Qe8+ Qf8 28. Qxf8+ Kxf8 29. bxc4 Ke7 30. Kf1 Ke6 31. Ke2 exd4 32. exd4 Kf5 33.
Ke3 h5 34. g4+ 1-0

[Event "26. Torneo Collado Villalba"]
[Site "Collado Villalba ESP"]
[Date "2009.08.27"]
[Round "7.28"]
[White "Jimenez Gonzalez, Marcos"]
[Black "Rodriguez De Castro, Ayar"]
[Result "0-1"]
[WhiteElo "1897"]
[BlackElo "2084"]
[PlyCount "84"]
[EventDate "2009.08.21"]
[EventType "swiss"]
[EventRounds "9"]
[EventCountry "ESP"]
[Source "lmi"]
[SourceDate "2009.08.21"]

1. c4 Nf6 2. Nf3 e6 3. g3 d5 4. Bg2 Nbd7 5. O-O Nb6 6. b3 c6 7. d3 Bd6 8. Qc2
Qe7 9. Bb2 e5 10. c5 Bxc5 11. Nxe5 O-O 12. Nd2 Ng4 13. Nxg4 Bxg4 14. Nf3 Nd7
15. h3 Bh5 16. a3 Rfe8 17. e3 Rad8 18. b4 Bd6 19. Qc3 f6 20. g4 Bg6 21. Rae1
Ne5 22. Nxe5 Bxe5 23. d4 Bb8 24. f4 Be4 25. Qd2 Qf7 26. Bf3 Bxf3 27. Rxf3 Re4
28. Qf2 Rde8 29. Bc3 Bd6 30. f5 Qe7 31. Bd2 Qc7 32. Kh1 a5 33. g5 fxg5 34. f6
Rf8 35. Rf1 gxf6 36. Rxf6 Rxf6 37. Qxf6 Qe7 38. Qh6 Rh4 39. Qf6 Rxh3+ 40. Kg1
Rg3+ 41. Kh1 Qe4+ 42. Rf3 Qh4# 0-1

[Event "26. Torneo Collado Villalba"]
[Site "Collado Villalba ESP"]
[Date "2009.08.27"]
[Round "7.29"]
[White "Torres Samper, Rafael"]
[Black "Lopez Heras, Arturo"]
[Result "0-1"]
[WhiteElo "2061"]
[BlackElo "1931"]
[PlyCount "112"]
[EventDate "2009.08.21"]
[EventType "swiss"]
[EventRounds "9"]
[EventCountry "ESP"]
[Source "lmi"]
[SourceDate "2009.08.21"]

1. e4 c5 2. Nf3 d6 3. d4 cxd4 4. Qxd4 Nc6 5. Bb5 Bd7 6. Bxc6 bxc6 7. O-O Qb6 8.
Qd3 g6 9. Be3 c5 10. Nc3 Bg7 11. Nd5 Qc6 12. Rad1 Rd8 13. Bg5 h6 14. Bh4 g5 15.
Bg3 Bg4 16. e5 e6 17. exd6 exd5 18. Ne5 Bxe5 19. Bxe5 Bxd1 20. Bxh8 Bg4 21. Qh7
Kd7 22. Qxf7+ Kc8 23. Be5 Qb7 24. Qg6 Qd7 25. f4 Bf5 26. Qh5 Bg4 27. Qg6 Bf5
28. Qh5 g4 29. c4 Bd3 30. Rc1 dxc4 31. b3 Kb7 32. bxc4 Kc6 33. Rc3 Qf5 34. Qh4
Rd7 35. Qg3 Bxc4 36. Qe1 Bd5 37. Qd1 Qe4 38. Qd2 Rb7 39. h3 h5 40. Re3 Qb1+ 41.
Re1 Qxa2 42. Qxa2 Bxa2 43. hxg4 hxg4 44. Kf2 Nh6 45. Kg3 Be6 46. Kh4 Nf7 47.
Rd1 Rd7 48. Ra1 Nxd6 49. Ra6+ Kd5 50. Bxd6 Rxd6 51. Rxa7 c4 52. Kg5 Ke4 53. Rc7
Kd3 54. f5 Rd5 55. Kxg4 Bxf5+ 56. Kf4 c3 0-1

[Event "26. Torneo Collado Villalba"]
[Site "Collado Villalba ESP"]
[Date "2009.08.27"]
[Round "7.31"]
[White "Franco Rincon, David"]
[Black "Ponce Lopez, Miguel"]
[Result "1/2-1/2"]
[WhiteElo "1787"]
[BlackElo "2185"]
[PlyCount "59"]
[EventDate "2009.08.21"]
[EventType "swiss"]
[EventRounds "9"]
[EventCountry "ESP"]
[Source "lmi"]
[SourceDate "2009.08.21"]

1. e4 e5 2. Nf3 Nc6 3. Bb5 a6 4. Bxc6 dxc6 5. d3 Bg4 6. h3 Bxf3 7. Qxf3 Qf6 8.
Nd2 Bc5 9. Qxf6 Nxf6 10. Nc4 Nd7 11. Be3 f6 12. Bxc5 Nxc5 13. Rf1 Ne6 14. h4 h6
15. O-O-O O-O-O 16. Ne3 Rd7 17. g3 g5 18. Rh1 h5 19. hxg5 Nxg5 20. Rh4 Nf3 21.
Rh3 Rdh7 22. Rdh1 Ng5 23. R3h2 Kd7 24. Nf5 c5 25. Nh4 Ne6 26. Nf5 Nd4 27. Nxd4
cxd4 28. Kd2 Ke6 29. f4 exf4 30. gxf4 1/2-1/2